| Tag |
First Indicator |
Second Indicator |
Subfields |
| LEADER |
00000cam a2200000 a 4500 |
| 001 |
in00000383421 |
| 005 |
20151011104959.0 |
| 008 |
830912s1983 maua b 00010 eng d |
| 010 |
|
|
|a 79056115
|
| 020 |
|
|
|a 0250403447 (v. 1)
|
| 020 |
|
|
|a 0250403927 (v. 2)
|
| 035 |
|
|
|a (OCoLC)09899762
|
| 035 |
|
|
|9 ABR4794AM
|
| 040 |
|
|
|a AFM
|c AFM
|d TXA
|d UtOrBLW
|
| 049 |
|
|
|a TXAM
|c 1
|v 1 [1676008]
|v 2 [1676009]
|c 2
|v 1 [274835]
|v 2 [274836]
|
| 090 |
|
|
|a TD365
|b .R43 1983
|
| 100 |
1 |
|
|a Reckhow, Kenneth H.
|
| 245 |
1 |
0 |
|a Engineering approaches for lake management /
|c by Kenneth H. Reckhow, Steven C. Chapra.
|
| 264 |
|
1 |
|a Boston :
|b Butterworth Publishers,
|c [1983]
|
| 264 |
|
4 |
|c ©1983
|
| 300 |
|
|
|a 2 volumes :
|b illustrations ;
|c 24 cm.
|
| 336 |
|
|
|a text
|b txt
|2 rdacontent
|
| 337 |
|
|
|a unmediated
|b n
|2 rdamedia
|
| 338 |
|
|
|a volume
|b nc
|2 rdacarrier
|
| 500 |
|
|
|a "An Ann Arbor Science book."
|
| 504 |
|
|
|a Includes bibliographies and indexes.
|
| 505 |
0 |
|
|a v. 1. Data analysis and empirical modeling -- v. 2. Mechanistic modeling.
|
| 650 |
|
0 |
|a Water quality management
|x Mathematical models.
|
| 650 |
|
0 |
|a Lakes.
|
| 650 |
|
0 |
|a Limnology.
|
| 650 |
|
0 |
|a Water
|x Pollution
|x Mathematical models.
|
| 700 |
1 |
|
|a Chapra, Steven C.
|
| 999 |
|
|
|a MARS
|
| 999 |
f |
f |
|s ae08b5b5-157c-3e54-9837-3bbb1e1f6a14
|i b0bcbcb5-9fe7-3815-b8ec-2e540e28b3e0
|t 0
|
| 952 |
f |
f |
|p ric
|a Texas A&M University
|b Rellis Campus
|c Joint Library Facility
|d Remote Storage
|t 0
|e TD365 .R43 1983
|h Library of Congress classification
|i unmediated -- volume
|k v.2
|m A14807556091
|
| 952 |
f |
f |
|p ric
|a Texas A&M University
|b Rellis Campus
|c Joint Library Facility
|d Remote Storage
|t 0
|e TD365 .R43 1983
|h Library of Congress classification
|i unmediated -- volume
|k v.1
|m A14807556083
|
| 998 |
f |
f |
|a TD365 .R43 1983
|s v.1-v.2
|t 0
|l Remote Storage
|